000 00679nam a22002057a 4500
003 0
005 20240808095018.0
008 240808b xxu||||| |||| 00| 0 eng d
020 _a978-1-98468-522-3
050 _aRM 214
_b.T57 2024
100 _a3G E-Learning
245 _aNurse digest: hospital diets for select disease conditions
_c3G E-Learning
260 _aNew York, New York
_b3G E-Learning LLC
_c2024
300 _axi, 291 pages :
_bcolored illustrations and pictures ;
_c23cm.
504 _aIncludes bibliographical references, index, and glossary.
650 _aDiet in disease.
650 _aDiet therapy.
650 _aHospital diets.
942 _2lcc
_cBK
999 _c366061
_d366061